Blended Flags - Statistics

General Stats
  • This quiz has been taken 65 times
  • The average score is 12 of 16
Answer Stats
Picture Answer % Correct
Brazil
96%
Bhutan
95%
Kazakhstan
93%
Kenya
93%
Croatia
91%
Greece
87%
Ethiopia
82%
Colombia
78%
Iceland
78%
Turkmenistan
75%
Chile
73%
Panama
73%
Vanuatu
67%
Paraguay
65%
Namibia
55%
Madagascar
35%
No matching quizzes found
Score Distribution
Percent of People with Each Score
Percentile by Number Answered
Your Score History
You have not taken this quiz